00360nam a2200133 a 450000500170000000800410001702000150005805000210007310000150009424500460010926000370015530000220019265000120021420140310183147.0020826s19uu xx 00 eng d a0671473905 aPZ 7b.B368 1984 aBear, Greg aCorona :ba star trek novel /cGreg Bear. aNew York ;bPocket Books,c1984. a192 p. :c17 cm.  aFiction